| 000 | 00968nam a2200217Ii 4500 | ||
|---|---|---|---|
| 003 | JO-AjNU | ||
| 008 | 230605s9999||||xx |||||||||||||| ||und|| | ||
| 017 | _a2002/1/128 | ||
| 040 |
_aJO-AjNU _bara _erda _cJO-AjNU |
||
| 041 | _aara | ||
| 050 | 1 | 4 | _aBP868.2.A99 2003 |
| 100 | 3 |
_aالعزيزي، "محمد رامز" عبد الفتاح, _eauthor _942615 |
|
| 245 | 0 | 0 | _aبيان الحكم الشرعي في الفوائد المصرفية ردا على فتوى مجمع البحوث الإسلامية مع بيان تحريم الربا في القرآن و السنة النبوية وفي الديانة اليهودية والمسيحية |
| 250 | _aط1 | ||
| 264 | 3 | 1 | _aعمان: دار الفرقان ، دار عمار للنشر والتوزيع، 2003 |
| 300 | _a52ص | ||
| 336 |
_atext _btxt _2rdacontent |
||
| 337 |
_aunmediated _bn _2rdamedia |
||
| 338 |
_avolume _bnc _2rdacarrier |
||
| 650 | 4 |
_aالاقتصاد الاسلامي- الربا _942616 |
|
| 999 |
_aA18260 _c21828 _d21828 |
||